| 000 | 00000nam##2200000za#4500 |
| 001 | 9.598112 |
| 003 | CaOODSP |
| 005 | 20210624204400 |
| 007 | cr ||||||||||| |
| 008 | 150406|2009||||xxc|||||o f|0| 0 fre|d |
| 040 | |aCaOODSP|bfre |
| 043 | |an-cn--- |
| 086 | 1 |aYC25-402/1-03F-PDF |
| 110 | 1 |aCanada. |bParlement. |bSénat. |
| 245 | 13|aLa crise dans la pêche au homard / |h[ressource électronique]|cL'honorable Bill Rompkey, président ; L'honorable Ethel M. Cochrane, vice-présidente. |
| 260 | |aOttawa - Ontario : |bSénat |cJuin 2009. |
| 300 | |a18p.|bréférences, tableau |
| 490 | 1 |aRapport du Comité sénatorial permanent des pêches et océans|v40e [législature], 2e session, [5e rapport] |
| 590 | |a09-45|b2009-11-06 |
| 775 | 08|tCrisis in the lobster fishery / |w(CaOODSP)9.566653 |
| 830 | #0|aRapport du Comité sénatorial permanent des pêches et océans ;|v40e [législature], 2e session, [5e rapport]|w(CaOODSP)9.502204 |
| 856 | 40|ahttp://publications.gc.ca|qPDF|s157 Ko|uhttps://publications.gc.ca/collections/collection_2009/sen/YC25-402-1-03F.pdf|y40e [législature], 2e session, [5e rapport] |